[Event "Aktobe Dvorkovich U1900 op"]
[Site "Aktobe"]
[Date "2025.06.23"]
[Round "2"]
[White "Gordeev, Egor"]
[Black "Gushanov, Murad"]
[Result "1-0"]
[WhiteElo "1809"]
[BlackElo "1610"]
[PlyCount "77"]
[EventDate "2025.06.22"]
[EventType "swiss"]
[EventRounds "9"]
[EventCountry "KAZ"]
[SourceTitle "CB27_2025"]
[SourceDate "2025.07.02"]
[SourceVersion "1"]
[SourceVersionDate "2025.07.02"]
[SourceQuality "1"]

1. e4 c5 2. Nf3 d6 3. d4 cxd4 4. Nxd4 Nf6 5. Nc3 g6 6. f3 Bg7 7. Be3 a6 8. Qd2 b5 9. 0-0-0 Bd7 10. g4 Nc6 11. h4 b4 12. Nce2 Qa5 13. Kb1 Nxd4 14. Nxd4 0-0 15. Bh6 Qb6 16. Bxg7 Kxg7 17. h5 Rh8 18. h6+ Kf8 19. Nb3 a5 20. e5 Ne8 21. Bc4 Rc8 22. Qf4 f6 23. exf6 exf6 24. Rhe1 a4 25. Rxe8+ Kxe8 26. Qxf6 Rxc4 27. Re1+ Be6 28. Qxe6+ Kd8 29. Qxc4 axb3 30. axb3 Re8 31. Rxe8+ Kxe8 32. Qg8+ Kd7 33. Qxh7+ Kc6 34. Qe7 Qa6 35. Qe8+ Kc7 36. Qf7+ Kd8 37. Qc4 Qb6 38. Qf1 Qe3 39. Qh1 1-0